| 000 | 00678nam a2200205Ia 4500 | ||
|---|---|---|---|
| 001 | 8381 | ||
| 003 | GE_BSU | ||
| 008 | 181216s||||||||xx |||||||||||||| ||und|| | ||
| 040 | _cGE_BSU | ||
| 080 | _a821.353.1-82 | ||
| 100 | _aერისთავი,რაფიელ | ||
| 245 | _aთხზულებანი. დრამატიული ნაწერები ტ.4 | ||
| 245 | _cრედ. შ. რადიანი | ||
| 260 | _aტბილისი | ||
| 260 | _bსახელმწიფო გამოცემა | ||
| 260 | _c1938 | ||
| 300 | _a494გვ.22სმ. | ||
| 653 | _aდრამატიული ნაწერები | ||
| 942 | _cBK | ||
| 999 |
_c41704 _d41704 |
||